000
00289nam a2200133Ia 4500
100
_a
Boyd/Donald W
942
_c
BK
654
_a
system analysis
245
_a
System analysis and modelling
260
_b
Academic Press
_c
2001
082
_a
3.3
_b
BOY
300
_a
365
546
_a
ENGLISH
999
_c
19608
_d
19608